000 00772nam a2200253 i 4500
001 C2-0332968
003 PPAK
005 20180728133110.0
008 150820s2014 my o|||| ||||| | eng d
020 _a9789670610061
040 _aPPAK
_beng
_cPPAK
_erda
082 0 4 _a306.7
_223
090 0 0 _a306.7
_bPOW
_dG
100 1 _aPowell, Helena Frith,
_eauthor
245 1 0 _aHow to seduce anyone :
_b52 brilliant little ideas for being incredibly
264 1 _aPetaling Jaya, Selangor :
_bAdvantage Quest Sdn. Bhd. ,
_c2014
300 _a126 pages :
_bphotographs ;
_c22 cm
336 _2rdacontent
_atext
337 _2rdamedia
_aunmediated
338 _2rdacarrier
_avolume
650 1 0 _aMan-woman relationships. ; Seduction.
700 _eauthor
942 _ddc
_cB
999 _c131591
_d131591